[Event "HUN-chT2 Barcza 1617"]
[Site "Hungary"]
[Date "2016.12.11"]
[Round "6.4"]
[White "Papp, Abel"]
[Black "Rakaczki, Csaba"]
[Result "1/2-1/2"]
[WhiteElo "2143"]
[BlackElo "2101"]
[PlyCount "23"]
[EventDate "2016.09.25"]
[EventType "team-tourn"]
[EventRounds "11"]
[EventCountry "HUN"]
[SourceTitle "EXT 2021"]
[Source "ChessBase"]
[SourceDate "2020.10.23"]
[SourceVersion "1"]
[SourceVersionDate "2020.10.23"]
[SourceQuality "1"]
[WhiteTeam "Lillafured DVTK II"]
[BlackTeam "Debrecen Sakkbaratok"]
[WhiteTeamCountry "HUN"]
[BlackTeamCountry "HUN"]

1. e4 d5 2. exd5 Nf6 3. Bb5+ Bd7 4. Bc4 b5 5. Bb3 a5 6. a3 Bg4 7. f3 Bc8 8. Nc3 Ba6 9. d3 g6 10. Nge2 Bg7 11. Bd2 Nbd7 12. Ne4 1/2-1/2

[Event "HUN-chT2 Barcza 1112 "]
[Site "Hungary"]
[Date "2011.10.30"]
[Round "2"]
[White "Rakaczki, Csaba"]
[Black "Varga, Laszlo"]
[Result "1-0"]
[WhiteElo "2140"]
[BlackElo "2212"]
[PlyCount "49"]
[EventDate "2011.09.25"]
[EventType "team-tourn"]
[EventRounds "11"]
[EventCountry "HUN"]
[SourceTitle "EXT 2013"]
[Source "ChessBase"]
[SourceDate "2012.11.22"]
[SourceVersion "1"]
[SourceVersionDate "2012.11.22"]
[SourceQuality "1"]
[WhiteTeam "Debrecen Sakkbaratok"]
[BlackTeam "Sajoszentpeter"]
[WhiteTeamCountry "HUN"]
[BlackTeamCountry "HUN"]

1. e4 d5 2. d4 dxe4 3. Nc3 Nf6 4. f3 exf3 5. Nxf3 e6 6. Bc4 c6 7. 0-0 Be7 8. Qd3 Nbd7 9. Bg5 b5 10. Bb3 a5 11. a4 b4 12. Bxf6 Bxf6 13. Ne4 0-0 14. Bc4 Nb6 15. Nxf6+ Qxf6 16. Ne5 Qg5 17. Rf3 Bb7 18. Nxf7 Qe7 19. Raf1 Nxc4 20. Rh3 g6 21. Rxh7 Rxf7 22. Rfxf7 Qg5 23. Rhg7+ Kh8 24. Qh3+ Qh5 25. Rh7+ 1-0

[Event "HUN-chT2 Barcza 0910"]
[Site "Hungary"]
[Date "2009.11.08"]
[Round "1.7"]
[White "Rakaczki, Csaba"]
[Black "Hatala, Csaba Laszlo"]
[Result "1-0"]
[WhiteElo "2086"]
[BlackElo "1991"]
[PlyCount "81"]
[EventDate "2009.11.08"]
[EventType "team-tourn"]
[EventRounds "11"]
[EventCountry "HUN"]
[SourceTitle "EXT 2011"]
[Source "ChessBase"]
[SourceDate "2010.11.26"]
[SourceVersion "1"]
[SourceVersionDate "2010.11.26"]
[SourceQuality "1"]
[WhiteTeam "Debrecen Sakkbaratok"]
[BlackTeam "Miskolc"]
[WhiteTeamCountry "HUN"]
[BlackTeamCountry "HUN"]

1. e4 c5 2. Nf3 Nc6 3. d4 cxd4 4. Nxd4 g6 5. c4 Bg7 6. Be3 Nf6 7. Nc3 0-0 8. Be2 d6 9. Qd2 Ng4 10. Bxg4 Bxg4 11. f3 Bd7 12. 0-0 Rc8 13. b3 Re8 14. Rac1 Qc7 15. Nd5 Qd8 16. Rcd1 Nxd4 17. Bxd4 b5 18. Bxa7 Bc6 19. Bb6 Qd7 20. Bd4 Qb7 21. Bxg7 Kxg7 22. h4 Ra8 23. h5 f6 24. h6+ Kf7 25. Rc1 Qa7+ 26. Rf2 Rec8 27. g4 Bxd5 28. Qxd5+ e6 29. Qxd6 Rd8 30. Qb4 Qe3 31. Qe1 Qxe1+ 32. Rxe1 bxc4 33. Rc1 g5 34. Rxc4 Rd1+ 35. Kg2 Ra1 36. a4 Rb1 37. Rc7+ Kg6 38. Rd2 Kxh6 39. Rdd7 f5 40. exf5 exf5 41. Rc6# 1-0

[Event "Debrecen Karneval Cup"]
[Site "Debrecen"]
[Date "2008.08.18"]
[Round "1"]
[White "Kanyadi, Zoltan"]
[Black "Rakaczki, Csaba"]
[Result "1/2-1/2"]
[WhiteElo "2103"]
[BlackElo "2081"]
[PlyCount "89"]
[EventDate "2008.08.18"]
[EventType "swiss"]
[EventRounds "7"]
[EventCountry "HUN"]
[SourceTitle "CBM 126 Extra"]
[Source "ChessBase"]
[SourceDate "2008.11.05"]
[SourceVersion "1"]
[SourceVersionDate "2008.11.05"]
[SourceQuality "1"]

1. e4 d5 2. exd5 Nf6 3. d4 Bg4 4. Be2 Bxe2 5. Nxe2 Qxd5 6. 0-0 e6 7. Nbc3 Qd7 8. Bg5 c6 9. Qd3 Na6 10. a3 Be7 11. Rad1 Nc7 12. Na4 b6 13. c4 0-0 14. Nac3 Rad8 15. Qf3 h6 16. Bh4 Kh8 17. h3 Ng8 18. Bg3 Bd6 19. Be5 f5 20. Nf4 Ne7 21. Qh5 Kh7 22. Rfe1 g5 23. Nd3 Ng6 24. g3 Qf7 25. Qe2 Bxe5 26. Nxe5 Nxe5 27. dxe5 Qe7 28. Rxd8 Rxd8 29. Rd1 Rd7 30. f4 Kg6 31. Kg2 Qd8 32. Rxd7 Qxd7 33. Qd1 Qxd1 34. Nxd1 gxf4 35. gxf4 a5 36. Nf2 b5 37. cxb5 cxb5 38. Nd3 Nd5 39. Kg3 Ne3 40. Nc5 Kf7 41. Nb7 a4 42. Nd6+ Kg6 43. Nxb5 Nc4 44. Nd4 Kf7 45. b3 1/2-1/2

[Event "Debrecen Karneval Cup"]
[Site "Debrecen"]
[Date "2008.08.18"]
[Round "2"]
[White "Toviskes, Antal"]
[Black "Rakaczki, Csaba"]
[Result "0-1"]
[WhiteElo "2072"]
[BlackElo "2081"]
[PlyCount "110"]
[EventDate "2008.08.18"]
[EventType "swiss"]
[EventRounds "7"]
[EventCountry "HUN"]
[SourceTitle "CBM 126 Extra"]
[Source "ChessBase"]
[SourceDate "2008.11.05"]
[SourceVersion "1"]
[SourceVersionDate "2008.11.05"]
[SourceQuality "1"]

1. e4 d5 2. exd5 Nf6 3. d4 Bg4 4. f3 Bf5 5. Bd3 Bxd3 6. Qxd3 Qxd5 7. Nc3 Qd7 8. Nge2 Na6 9. a3 c6 10. Bf4 e6 11. Ne4 Be7 12. Be5 Nc7 13. 0-0 0-0-0 14. b4 Nxe4 15. fxe4 f6 16. Bg3 Nb5 17. c3 e5 18. a4 Nc7 19. Qc2 exd4 20. Nxd4 Bxb4 21. Nf5 Bc5+ 22. Kh1 g6 23. Nh4 Qe7 24. Qb3 Rd7 25. Rab1 Ne6 26. a5 Ng5 27. Qa4 Qe6 28. Rfe1 Re8 29. a6 b6 30. e5 f5 31. Bf4 Nf7 32. Nf3 h6 33. Be3 Bxe3 34. Rxe3 c5 35. h3 Red8 36. c4 Kc7 37. Kh2 g5 38. Qc2 h5 39. Rbe1 g4 40. Nh4 Nh6 41. Rf1 Rf7 42. g3 gxh3 43. Re2 Ng4+ 44. Kxh3 f4 45. Kg2 Ne3+ 46. Rxe3 fxe3 47. Nf3 Rxf3 48. Kxf3 Qg4+ 49. Kxe3 Qxg3+ 50. Rf3 Qg5+ 51. Ke2 Qxe5+ 52. Kf1 Rd7 53. Rf5 Qg3 54. Rd5 Rf7+ 55. Rf5 Qh3+ 0-1

[Event "HUN-chT2 Barcza 0708"]
[Site "Hungary"]
[Date "2008.05.18"]
[Round "11"]
[White "Rakaczki, Csaba"]
[Black "Baranyai, Szabolcs"]
[Result "1-0"]
[WhiteElo "2066"]
[BlackElo "1979"]
[PlyCount "63"]
[EventDate "2007.10.14"]
[EventType "team"]
[EventRounds "11"]
[EventCountry "HUN"]
[SourceTitle "EXT 2009"]
[Source "ChessBase"]
[SourceDate "2008.11.26"]
[SourceVersion "1"]
[SourceVersionDate "2008.11.26"]
[SourceQuality "1"]
[WhiteTeam "Lokomotiv"]
[BlackTeam "Hajduszoboszlo"]
[WhiteTeamCountry "HUN"]
[BlackTeamCountry "HUN"]

1. e4 e6 2. d4 d5 3. e5 c5 4. c3 Nc6 5. Nf3 Qb6 6. Bd3 Bd7 7. 0-0 cxd4 8. cxd4 Nxd4 9. Nxd4 Qxd4 10. Nc3 Qb6 11. Qg4 h5 12. Qg5 g6 13. a4 Bh6 14. Qh4 Bxc1 15. Raxc1 a6 16. b4 Rc8 17. b5 a5 18. Ne2 Rxc1 19. Rxc1 Qd8 20. Qd4 b6 21. Qe3 Ne7 22. Nd4 h4 23. h3 Rg8 24. Qh6 Nf5 25. Qh7 Kf8 26. Bxf5 gxf5 27. f4 Qe7 28. Rc7 Qb4 29. Nf3 Qxf4 30. Rxd7 Qc1+ 31. Kh2 Qf4+ 32. Kh1 1-0

[Event "HUN-chT2 Barcza 0708"]
[Site "Hungary"]
[Date "2008.03.02"]
[Round "7"]
[White "Farkas, Adam"]
[Black "Rakaczki, Csaba"]
[Result "0-1"]
[WhiteElo "2067"]
[BlackElo "2054"]
[PlyCount "84"]
[EventDate "2007.10.14"]
[EventType "team"]
[EventRounds "11"]
[EventCountry "HUN"]
[SourceTitle "EXT 2009"]
[Source "ChessBase"]
[SourceDate "2008.11.26"]
[SourceVersion "1"]
[SourceVersionDate "2008.11.26"]
[SourceQuality "1"]
[WhiteTeam "DEAC"]
[BlackTeam "Lokomotiv"]
[WhiteTeamCountry "HUN"]
[BlackTeamCountry "HUN"]

1. d4 f5 2. Nf3 Nf6 3. g3 g6 4. Bg2 Bg7 5. 0-0 0-0 6. c4 d6 7. Nc3 Qe8 8. Qb3 c6 9. Rd1 Na6 10. d5 Nc5 11. Qc2 Bd7 12. Be3 Nce4 13. Nxe4 Nxe4 14. a4 c5 15. Ne1 Nf6 16. Ra2 b6 17. Bd2 Rb8 18. Bc3 h6 19. a5 b5 20. b3 Qf7 21. Nd3 g5 22. f4 Ng4 23. Re1 Ne3 24. Qc1 Nxg2 25. Kxg2 e6 26. Bxg7 Qxg7 27. e4 fxe4 28. Rxe4 exd5 29. cxd5 Bf5 30. Rae2 Bxe4+ 31. Rxe4 Qf7 32. Re6 Qf5 33. Qe3 Qxd5+ 34. Kh3 Qf5+ 35. Kg2 c4 36. Nf2 gxf4 37. gxf4 Qxf4 38. Rg6+ Kh7 39. Qxf4 Rxf4 40. Rxd6 Rg8+ 41. Kf1 Rgf8 42. Rd7+ Kg8 0-1

[Event "HUN-chT2 Barcza 0607"]
[Site "Hungary"]
[Date "2006.12.17"]
[Round "4"]
[White "Kantor, Jozsef"]
[Black "Rakaczki, Csaba"]
[Result "1-0"]
[WhiteElo "2057"]
[BlackElo "2066"]
[PlyCount "127"]
[EventDate "2006.11.12"]
[EventType "team"]
[EventRounds "11"]
[EventCountry "HUN"]
[SourceTitle "EXT 2008"]
[Source "ChessBase"]
[SourceDate "2007.11.25"]
[SourceVersion "1"]
[SourceVersionDate "2007.11.25"]
[SourceQuality "1"]
[WhiteTeam "Mezokovesd"]
[BlackTeam "Lokomotiv"]
[WhiteTeamCountry "HUN"]
[BlackTeamCountry "HUN"]

1. d4 f5 2. c4 Nf6 3. Nc3 g6 4. Bg5 Bg7 5. e3 0-0 6. Nf3 d6 7. Be2 c6 8. 0-0 Qe8 9. Qc2 Na6 10. a3 Nc7 11. Rad1 Bd7 12. h3 Rc8 13. Rd2 b5 14. Rfd1 Nh5 15. Bf4 Nxf4 16. exf4 Ne6 17. g3 a6 18. h4 c5 19. d5 Nd4 20. Nxd4 cxd4 21. Nb1 e5 22. dxe6 Bxe6 23. b3 Qc6 24. Rc1 Qb7 25. Qd3 Rfe8 26. Bf3 Qf7 27. Rdc2 bxc4 28. bxc4 Rc5 29. Nd2 Rec8 30. Qb3 Qc7 31. Re1 Bf7 32. Rec1 Kf8 33. Be2 a5 34. Bd3 Be8 35. Rb1 d5 36. Rbb2 dxc4 37. Rxc4 Bf7 38. Rxc5 Qxc5 39. Qc2 Qxc2 40. Rxc2 Rc3 41. Rxc3 dxc3 42. Nf3 Bb3 43. Ne1 Kf7 44. Kf1 Bf8 45. Nc2 Bc5 46. Ke2 Ke6 47. f3 Kd5 48. g4 Be7 49. h5 gxh5 50. gxh5 Ke6 51. Nd4+ Kf6 52. Nxb3 a4 53. Nd4 Bxa3 54. Bb5 Bc1 55. Bxa4 Bxf4 56. Bc2 h6 57. Nxf5 Kg5 58. Ne3 Kxh5 59. Nd5 Bd2 60. Kd3 Kg5 61. Nxc3 Bxc3 62. Kxc3 Kf4 63. Be4 Ke3 64. Kc2 1-0

[Event "HUN-chT2 Barcza 0506"]
[Site "Hungary"]
[Date "2006.01.22"]
[Round "6"]
[White "Hatala, Csaba Laszlo"]
[Black "Rakaczki, Csaba"]
[Result "0-1"]
[WhiteElo "1990"]
[BlackElo "1986"]
[PlyCount "80"]
[EventDate "2005.10.16"]
[EventType "team"]
[EventRounds "11"]
[EventCountry "HUN"]
[SourceTitle "EXT 2009"]
[Source "ChessBase"]
[SourceDate "2008.11.26"]
[SourceVersion "1"]
[SourceVersionDate "2008.11.26"]
[SourceQuality "1"]
[WhiteTeam "Kozma Auto"]
[BlackTeam "Lokomotiv"]
[WhiteTeamCountry "HUN"]
[BlackTeamCountry "HUN"]

1. f4 f5 2. Nf3 Nf6 3. g3 g6 4. Bg2 Bg7 5. d3 d5 6. c3 0-0 7. 0-0 c6 8. Nbd2 Ng4 9. Nb3 Re8 10. d4 b6 11. h3 Nf6 12. Nbd2 Qc7 13. b4 Nh5 14. Kf2 Ba6 15. Rh1 Nd7 16. e3 Nhf6 17. Bb2 Rad8 18. Qb3 Kh8 19. a4 Bd3 20. Rhd1 h6 21. Bf1 Be4 22. a5 b5 23. Be2 Bxf3 24. Bxf3 g5 25. Qc2 e6 26. Rh1 Bf8 27. Rag1 Bd6 28. Bc1 Rf8 29. h4 g4 30. Bg2 Nh5 31. Nb3 Rde8 32. Bd2 e5 33. Re1 exf4 34. exf4 Nxf4 35. Rxe8 Rxe8 36. gxf4 Bxf4 37. Bxf4 Qxf4+ 38. Kg1 Re1+ 39. Bf1 Rxf1+ 40. Kg2 Qf3+ 0-1

[Event "HUN-chT2 Barcza 0506"]
[Site "Hungary"]
[Date "2005.10.30"]
[Round "2"]
[White "Rakaczki, Csaba"]
[Black "Kelemen, Gyorgy"]
[Result "1-0"]
[WhiteElo "1986"]
[BlackElo "2117"]
[PlyCount "70"]
[EventDate "2005.10.16"]
[EventType "team"]
[EventRounds "11"]
[EventCountry "HUN"]
[SourceTitle "EXT 2009"]
[Source "ChessBase"]
[SourceDate "2008.11.26"]
[SourceVersion "1"]
[SourceVersionDate "2008.11.26"]
[SourceQuality "1"]
[WhiteTeam "Lokomotiv"]
[BlackTeam "Mezokovesd"]
[WhiteTeamCountry "HUN"]
[BlackTeamCountry "HUN"]

1. e4 c5 2. Nf3 Nc6 3. d4 cxd4 4. Nxd4 Nf6 5. Nc3 e5 6. Nb3 Bb4 7. Bg5 h6 8. Bxf6 Qxf6 9. Qd3 0-0 10. f3 Nd4 11. 0-0-0 Bxc3 12. Qxc3 Nxb3+ 13. Qxb3 Rd8 14. Bc4 a6 15. Rd2 b5 16. Bd5 Rb8 17. Rhd1 Bb7 18. Kb1 Bxd5 19. Rxd5 d6 20. Qb4 Rbc8 21. Rxd6 Rxd6 22. Qxd6 Qg5 23. Qxa6 Rd8 24. Rxd8+ Qxd8 25. a3 Qd1+ 26. Ka2 Qxc2 27. Qxb5 Qxg2 28. Qe8+ Kh7 29. Qxe5 Qe2 30. Qf5+ Kg8 31. Qc8+ Kh7 32. a4 Qxh2 33. a5 Qd2 34. Qc5 Qd1 35. Qb5 Qxf3 1-0

[Event "HUN-chT2 Barcza 0506"]
[Site "Hungary"]
[Date "2005.10.16"]
[Round "1"]
[White "Rakaczki, Csaba"]
[Black "Bartok Csato, Gyorgy"]
[Result "1-0"]
[WhiteElo "1986"]
[BlackElo "2055"]
[PlyCount "83"]
[EventDate "2005.10.16"]
[EventType "team"]
[EventRounds "11"]
[EventCountry "HUN"]
[SourceTitle "EXT 2009"]
[Source "ChessBase"]
[SourceDate "2008.11.26"]
[SourceVersion "1"]
[SourceVersionDate "2008.11.26"]
[SourceQuality "1"]
[WhiteTeam "Lokomotiv"]
[BlackTeam "Hajduszoboszlo"]
[WhiteTeamCountry "HUN"]
[BlackTeamCountry "HUN"]

1. e4 c5 2. Nf3 d6 3. d4 cxd4 4. Nxd4 Nc6 5. Nc3 a6 6. Be3 g6 7. f3 Bg7 8. Qd2 Nf6 9. a3 0-0 10. g4 Ne8 11. h4 Nxd4 12. Bxd4 Bxd4 13. Qxd4 b5 14. g5 Ng7 15. Be2 Bb7 16. 0-0-0 Rc8 17. f4 f5 18. h5 e5 19. fxe5 Qxg5+ 20. Kb1 dxe5 21. Qxe5 Rfe8 22. Qh2 fxe4 23. hxg6 h5 24. Bxh5 Qxh5 25. Qxh5 Nxh5 26. Rxh5 e3 27. Re1 Re7 28. Nd5 Bxd5 29. Rxd5 Rc6 30. Rg5 Kg7 31. Rg3 Rce6 32. Re2 Re8 33. c3 Re5 34. Kc2 a5 35. Kd1 Rd8+ 36. Ke1 Rd3 37. Rh2 b4 38. axb4 axb4 39. cxb4 Rb3 40. Rh7+ Kg8 41. g7 Re8 42. Rh8+ 1-0